Vývoj sociálních příjmů obyvatelstva v letech 2010‒2022
Príjem zo sociálnych dávok je dôležitým zdrojom finančných príjmov domácností. Je určený na pokrytie potrieb ľudí v určitých definovaných sociálnych situáciách. Cieľom tohto príspevku je charakterizovať, ako sa v priebehu času menili sociálne dávky, ktoré občanom poskytujú jednotlivé sociálne systém...
Gespeichert in:
| 1. Verfasser: | |
|---|---|
| Format: | Buchkapitel |
| Sprache: | Tschechisch |
| Schlagworte: | |
| Tags: |
Keine Tags, Fügen Sie das erste Tag hinzu!
|
MARC
| LEADER | 00000naa a2200000 4500 | ||
|---|---|---|---|
| 001 | 0310767 | ||
| 005 | 20250611132539.5 | ||
| 041 | 0 | |a cze | |
| 044 | |a CZ | ||
| 245 | 1 | 0 | |a Vývoj sociálních příjmů obyvatelstva v letech 2010‒2022 |c Ladislav Průša |
| 520 | |a Príjem zo sociálnych dávok je dôležitým zdrojom finančných príjmov domácností. Je určený na pokrytie potrieb ľudí v určitých definovaných sociálnych situáciách. Cieľom tohto príspevku je charakterizovať, ako sa v priebehu času menili sociálne dávky, ktoré občanom poskytujú jednotlivé sociálne systémy a poukázať na niektoré kľúčové problémy, ktorých riešenie by malo byť v nasledujúcich rokoch stredobodom pozornosti. | ||
| 610 | 2 | 0 | |a dávky sociálne |
| 610 | 2 | 0 | |a príjmy |
| 610 | 2 | 0 | |a občania |
| 610 | 2 | 0 | |a systémy sociálne |
| 610 | 2 | 0 | |a poistenie |
| 610 | 2 | 0 | |a Česko |
| 100 | 1 | |a Průša, Ladislav | |